• 首页
  • 本馆介绍
  • 公告通知
  • 最新文献
  • 馆藏检索
  • 电子资源
  • 读者导购
  • 参考咨询
  • 我的图书馆
  • 登录
  • 详细信息显示
  • 放入我的书架
  • 预约/预借图书
  • 作者相关作品
  • 分类相关作品
  • 丛书相关作品
  • 出版社相关作品

书目信息

  • 表格格式
  • 工作单格式
  • 卡片格式
题名:
军用直升机
    
 
作者: ;罗臻 译
分册:  
出版信息: 北京   世界图书出版公司  1999
页数: 159页
开本: 21cm
丛书名:
单 册:
中图分类: E926.396
科图分类:
主题词: 武器--军事技术 , 军用直升机--世界--图解
电子资源:
ISBN: 7-5062-4048-3
000 00756nam0 2200265 45
001 0501051611
005 20090609100244.15
010    @a7-5062-4048-3@dCNY25.00
100    @a20050105d1999 km y0chiy0120 ea
101 0  @achi
102    @aCN@b110000
105    @aa z 000yy
200 1  @a军用直升机@AJun Yong Zhi Sheng Ji@f(美)[B.冈斯通]Bill Gunston著@g罗臻译
210    @a北京@c世界图书出版公司@d1999
215    @a159页@d21cm
300    @a世纪军武图解主题百科
510    @aMilitary helicopters
606 0  @a武器@x军事技术
606 0  @a军用直升机@x世界@x图解
690    @aE926.396@v4
701  0 @bB.冈斯通BillGunston@4著
702  0 @a罗臻@ALuo Zhen@4译
801    @aCN@bAHTY@c20090609
905    @aBZT@dE926.396@e2
906    @dCNY25.00@n0@r1
    
    军用直升机/(美)[B.冈斯通]Bill Gunston著/罗臻译.-北京:世界图书出版公司,1999
    159页;21cm
    世纪军武图解主题百科.-←并列题名:Military helicopters
    
    ISBN 7-5062-4048-3:CNY25.00
    
●
相关链接 在五车中查询图书 在当当中查询图书 在豆瓣中查询图书


正题名:军用直升机     索取号:E926.396/2         预约/预借

序号 登录号 条形码 馆藏地/架位号 状态 备注
1 378639   210013279   中心书库北库/ 北库004架B面4列3层63/ [索取号:E926.396/2] 在馆    
2 378640   210013251   中心书库北库/ 北库004架B面4列3层66/ [索取号:E926.396/2] 在馆    
3 378641   210013233   中心书库北库/ 北库004架B面4列3层65/ [索取号:E926.396/2] 在馆    
4 378642   210013215   中心书库北库/ 北库004架B面4列3层67/ [索取号:E926.396/2] 在馆    
5 378643   210013199   中心书库北库/ 北库004架B面4列3层69/ [索取号:E926.396/2] 在馆    
6 378644   210013171   中心书库北库/ 北库004架B面4列3层64/ [索取号:E926.396/2] 在馆    
7 378645   210013153   中心书库北库/ 北库004架B面4列3层68/ [索取号:E926.396/2] 在馆    
8 378646   210013135   中心书库北库/ 北库004架B面4列3层21/ [索取号:E926.396/2] 在馆    
9 378647   210013117   中心书库北库/ 北库004架B面4列3层20/ [索取号:E926.396/2] 在馆    
山东省滨州职业学院图书馆 欢迎您!
大连网信软件有限公司© 版权所有